Bảy mươi năm mùa thu cách mạng

Gồm hai chương. Ch.1: Cách mạng tháng tám 1945 bước ngoặt vĩ đại trong lịch sử dân tộc; Ch.2: Hồi ức về những tháng ngày lịch sử

Đã lưu trong:
Sonraí Bibleagrafaíochta
Príomhúdar: Vũ, Kim Yến
Údair Eile: Lê, Quảng Ba
Formáid: Leabhar
Teanga:Undetermined
Foilsithe: H. Văn hóa Thông tin 2015
Ábhair:
Rochtain Ar Líne:http://lrc.tdmu.edu.vn/opac/search/detail.asp?aID=2&ID=22949
Clibeanna: Cuir Clib Leis
Gan Chlibeanna, Bí ar an gcéad duine leis an taifead seo a chlibeáil!
Thư viện lưu trữ: Trung tâm Học liệu Trường Đại học Thủ Dầu Một
LEADER 00869nam a2200205Ia 4500
001 TDMU_22949
008 210410s9999 xx 000 0 und d
082 |a 959.704 
090 |b V500 
100 |a Vũ, Kim Yến 
245 0 |a Bảy mươi năm mùa thu cách mạng 
260 |a H. 
260 |b Văn hóa Thông tin 
260 |c 2015 
300 |a 200tr. 
520 |a Gồm hai chương. Ch.1: Cách mạng tháng tám 1945 bước ngoặt vĩ đại trong lịch sử dân tộc; Ch.2: Hồi ức về những tháng ngày lịch sử  
650 |a Lịch sử Việt Nam  |y 1945; Lịch sử  |x Cách mạng tháng Tám  |z Việt Nam  
700 |a Lê, Quảng Ba 
856 |u http://lrc.tdmu.edu.vn/opac/search/detail.asp?aID=2&ID=22949 
980 |a Trung tâm Học liệu Trường Đại học Thủ Dầu Một